Southville International School and Colleges
Your cart is empty.
  • Cart
  • Lists
    Public lists Eva Luna New books Lux_list list_1
    Your lists Log in to create your own lists
  • Log in to your account
  • Your cookies
  • Search history
Southville International School and Colleges
  • Advanced search
  • Recent comments
  • Most popular
  • Libraries

Log in to your account

Log in with GOOGLE


If you do not have an external account, but do have a local account, you can still log in:

  1. Home
  2. MARC view: Total quality management for hospitality and tourism /
Normal view MARC view ISBD view

Total quality management for hospitality and tourism / (Record no. 275893)

[ view plain ]
MARC details
000 -LEADER
fixed length control field 00869cam a2200241Ia 4500
003 - CONTROL NUMBER IDENTIFIER
control field SISC
005 - DATE AND TIME OF LATEST TRANSACTION
control field 20140926092121.0
008 - FIXED-LENGTH DATA ELEMENTS--GENERAL INFORMATION
fixed length control field
020 ## - INTERNATIONAL STANDARD BOOK NUMBER
International Standard Book Number 9789814352611
050 #4 - LIBRARY OF CONGRESS CALL NUMBER
Classification number TX 901
Item number .F699 2012
100 1# - MAIN ENTRY--PERSONAL NAME
Personal name Ford, Robert C.
245 10 - TITLE STATEMENT
Title Total quality management for hospitality and tourism /
Statement of responsibility, etc Robert C. Ford, Michael C. Sturman, Cherrill P. Heaton.
250 ## - EDITION STATEMENT
Edition statement Philippine edition.
260 ## - PUBLICATION, DISTRIBUTION, ETC. (IMPRINT)
Place of publication, distribution, etc Pasig City, Philippines :
Name of publisher, distributor, etc Cengage Learning Asia Pte Ltd.,
Date of publication, distribution, etc ©2012.
300 ## - PHYSICAL DESCRIPTION
Extent 522 pages :
Other physical details illustrations ;
Dimensions 23 cm.
500 ## - GENERAL NOTE
General note Reprint. Originally published. Andover : Cengage Learning, 2012.
521 ## - TARGET AUDIENCE NOTE
Target audience note Tourism
650 #0 - SUBJECT ADDED ENTRY--TOPICAL TERM
Topical term or geographic name as entry element Hospitality industry
General subdivision Management.
650 #0 - SUBJECT ADDED ENTRY--TOPICAL TERM
Topical term or geographic name as entry element Hospitality industry
General subdivision Customer services.
700 1# - ADDED ENTRY--PERSONAL NAME
Personal name Sturman, Michael C.
700 1# - ADDED ENTRY--PERSONAL NAME
Personal name Heaton, Cherrill P.
942 ## - ADDED ENTRY ELEMENTS (KOHA)
Source of classification or shelving scheme Library of Congress Classification
Koha item type Books
Call number prefix Foreign
Holdings
Withdrawn status Lost status Source of classification or shelving scheme Damaged status Home library Current library Shelving location Date acquired Total Checkouts Full call number Barcode Date last seen Date checked out Copy number Price effective from Koha item type Total Renewals Source of acquisition
    Library of Congress Classification   College Library College Library General Circulation Section 02/28/2013 1 TX 901 .F699 2012 C16155 05/15/2018 05/27/2014 1 11/14/2013 Books    
    Library of Congress Classification   College Library College Library General Circulation Section 10/25/2013 1 TX 901 .F699 2012 C16154 11/28/2019 10/30/2019 2 10/25/2013 Books 1  
    Library of Congress Classification   College Library College Library Reserve Section 09/26/2014   TX 901 .F699 2012 C18678 05/15/2018     09/26/2014 Books   Library Fund

Total quality management for hospitality and tourism /

APA

Ford R. C., Sturman M. C. & Heaton C. P. (2012). Total quality management for hospitality and tourism. Pasig City, Philippines: Cengage Learning Asia Pte Ltd.

Chicago

Ford Robert C, Sturman Michael C and Heaton Cherrill P. 2012. Total quality management for hospitality and tourism. Pasig City, Philippines: Cengage Learning Asia Pte Ltd.

Harvard

Ford R. C., Sturman M. C. and Heaton C. P. (2012). Total quality management for hospitality and tourism. Pasig City, Philippines: Cengage Learning Asia Pte Ltd.

MLA

Ford Robert C, Sturman Michael C and Heaton Cherrill P. Total quality management for hospitality and tourism. Pasig City, Philippines: Cengage Learning Asia Pte Ltd. 2012.

  • Place hold
  • Print
  • Cite
  • Add to your cart (remove)
  • Save record
    BIBTEX Dublin Core MARCXML MARC (non-Unicode/MARC-8) MARC (Unicode/UTF-8) MARC (Unicode/UTF-8, Standard) MODS (XML) RIS
  • More searches
    Search for this title in:
    Other Libraries (WorldCat) Other Databases (Google Scholar) Online Stores (Bookfinder.com) Open Library (openlibrary.org)

Exporting to Dublin Core...

SOUTHVILLE LIBRARY

Southville International School and Colleges Library

1281 Tropical Ave. Cor. Luxembourg St., BF Homes International, Las Pinas City

Tel. No. 8256374 / 252358 Loc. 117/146

Powered by Koha